Reklama (história versus súčasnosť)

Pokračovanie príspevku o histórii a súčasnosti reklamy. Základné stimuly rozvoja americkej reklamy. Etapy rozvoja americkej reklamy. Vznik agentúr a veľkých značiek. K počiatkom ďalších oblastí marketingovej komunikácie. Náčrt súčasného obrazu americkej reklamy. Výdavky na reklamu. Nové médiá. Legen...

ver descrição completa

Na minha lista:
Detalhes bibliográficos
Autor principal: Horňák, Pavel
Formato: Capítulo de Livro
Idioma:eslovaco
Assuntos:
Tags: Adicionar Tag
Sem tags, seja o primeiro a adicionar uma tag!

MARC

LEADER 00000naa a2200000 4500
001 r048645
005 20231004100849.8
041 0 |a slo 
044 |a CZ 
245 1 0 |a Reklama  |b (história versus súčasnosť)  |c Pavel Horňák 
520 |a Pokračovanie príspevku o histórii a súčasnosti reklamy. Základné stimuly rozvoja americkej reklamy. Etapy rozvoja americkej reklamy. Vznik agentúr a veľkých značiek. K počiatkom ďalších oblastí marketingovej komunikácie. Náčrt súčasného obrazu americkej reklamy. Výdavky na reklamu. Nové médiá. Legendy americkej reklamy. USA versus Európa. 
610 2 0 |a reklama 
610 2 0 |a história 
610 2 0 |a USA 
610 2 0 |a médiá 
610 2 0 |a technológie informačné 
610 2 0 |a technológie komunikačné 
610 2 0 |a marketing 
610 2 0 |a výdavky 
610 2 0 |a Európa 
100 1 |a Horňák, Pavel